Anglicko-český ekonomický slovník s výkladem a výslovností
Gespeichert in:
| 1. Verfasser: | |
|---|---|
| Weitere Verfasser: | |
| Format: | Buch |
| Sprache: | Englisch Tschechisch |
| Veröffentlicht: |
Voznice
LEDA
1995
|
| Ausgabe: | 1. vyd. |
| Schlagworte: | |
| Tags: |
Keine Tags, Fügen Sie das erste Tag hinzu!
|
MARC
| LEADER | 00000nam a2200000 4500 | ||
|---|---|---|---|
| 001 | c011768 | ||
| 005 | 20230228095408.1 | ||
| 020 | |a 80-85927-03-9 | ||
| 041 | 0 | |a eng | |
| 041 | 0 | |a cze | |
| 044 | |a CZ | ||
| 245 | 1 | 0 | |a Anglicko-český ekonomický slovník s výkladem a výslovností |c J.H. Adam ; [Z angl. prel.] Jiří Elman |
| 250 | |a 1. vyd. | ||
| 264 | 1 | |a Voznice |b LEDA |c 1995 | |
| 300 | |a 652 s. | ||
| 610 | 2 | 0 | |a terminológia |
| 610 | 2 | 0 | |a ekonómia |
| 610 | 2 | 0 | |a jazykoveda |
| 610 | 2 | 0 | |a angličtina |
| 610 | 2 | 0 | |a čeština |
| 100 | 1 | |a Adam, J.H. | |
| 700 | 1 | |a Elman, Jiří | |